Power up with rubber: Exploring the electrical potential of elastomeric polymers (Record no. 75155)

MARC details
000 -LEADER
fixed length control field 00355nam a22001217a 4500
100 ## - MAIN ENTRY--AUTHOR NAME
Personal name Aparna M Joshi
245 ## - TITLE STATEMENT
Title Power up with rubber: Exploring the electrical potential of elastomeric polymers
260 ## - PUBLICATION, DISTRIBUTION, ETC. (IMPRINT)
Name of publisher Rubber India, LXXV (12): 54-58
Year of publication 2023
300 ## - PHYSICAL DESCRIPTION
Other physical details December
650 ## - SUBJECT ADDED ENTRY--TOPICAL TERM
Topical Term Electrical insulation
650 ## - SUBJECT ADDED ENTRY--TOPICAL TERM
Topical Term Elastomeric polymers
942 ## - ADDED ENTRY ELEMENTS (KOHA)
Koha item type Journals
Holdings
Withdrawn status Lost status Damaged status Not for loan Home library Current library Date acquired Koha item type
        RRII Library RRII Library 05/01/2024 Journals